000
00286nam a22001337a 4500
008
181008b xxu||||| |||| 00| 0 eng d
020
_a
0198246234
041
_a
eng
080
_a
370
100
_a
47
101
_a
EDU
245
_a
The English Decive
_c
Howard.W
942
_2
udc
_c
BK
999
_c
49052
_d
49052